| 000 | 00777nam a2200217Ia 4500 | ||
|---|---|---|---|
| 003 | GCL | ||
| 005 | 20240530095541.0 | ||
| 008 | 140319s9999 xx 000 0 ara d | ||
| 020 | _a117403977 | ||
| 040 |
_aGCL / _cGCL |
||
| 082 | 0 | 4 |
_a364.3 _bع ج |
| 100 | 1 | _aعبدالرحمن محمد العيسوى | |
| 245 | 1 | 0 |
_aالجريمة بين البيئة والوراثة : _bدراسة فى علم النفس الجنائى وتفسير الجريمة / _cعبدالرحمن محمد العيسوى |
| 260 |
_aالقاهرة : _bمنشاة المعارف ، _c2004 |
||
| 300 |
_a360 ص ؛ _c24 سم |
||
| 650 | 0 | 4 | _aالجريمة والمجرمون |
| 650 | 0 | 4 | _aالارهاب |
| 650 | 0 | 4 | _aالعنف |
| 650 | 0 | 4 | _aعلم النفس الجنائى |
| 942 |
_2ddc _cBK |
||
| 999 |
_c8288 _d8288 |
||